|
|
|
|
| LEADER |
00000nab a2200000ua 4500 |
| 001 |
vtls010812025 |
| 003 |
SK-MaSNL |
| 005 |
20260303200225.0 |
| 008 |
230121s1971 xo |||||||||||||||||slo| |
| 035 |
|
|
|a (urnnbn)urn:nbn:sk:snk:ar-0054ng
|
| 035 |
|
|
|a urn:nbn:sk:snk-ab5hh5
|
| 035 |
|
|
|a (uuid)981417b8-b2ba-4f08-ac53-99808db5c8de
|
| 040 |
|
|
|a SNKBUCL
|b slo
|c SNKBUCL
|e AACR2
|
| 041 |
0 |
|
|a slo
|
| 044 |
|
|
|a xo
|c SK
|
| 100 |
1 |
|
|a Skladaná, Jana,
|d 1942-
|4 aut
|9 103459
|
| 245 |
1 |
0 |
|a Jazyková stránka kultúrnej rubriky v Pravde
|c Jana Skladaná
|
| 630 |
0 |
7 |
|a Pravda (denník)
|2 SNKPH
|9 1230049
|
| 650 |
0 |
7 |
|a kultúrne rubriky
|2 SNKPH
|9 1230050
|
| 650 |
0 |
7 |
|a slovenčina
|2 SNKPH
|9 1350
|
| 650 |
0 |
7 |
|a jazyková kultúra
|2 SNKPH
|9 1395
|
| 655 |
|
7 |
|a štúdie
|2 SNKPH
|9 57033
|
| 773 |
0 |
|
|t Kultúra slova : vedecko-popularizačný časopis pre jazykovú kultúru a terminológiu : orgán Jazykovedného ústavu Ľudovíta Štúra SAV, Jazykového odboru Matice slovenskej a Ústrednej jazykovej rady
|g Roč. 5, č. 5 (1971), s. 152-156
|
| 954 |
|
|
|a odborná, vedecká literatúra pôvodná (slovenská)
|2 lita
|
| 958 |
|
|
|a OND
|
| 958 |
|
|
|a EUIPO
|
| 958 |
|
|
|a article5
|
| 999 |
|
|
|c 2167204
|d 2169134
|